| 000 | 00648cam a22002411 4500 | ||
|---|---|---|---|
| 001 | sa 65002747 | ||
| 003 | DLC | ||
| 005 | 20260227112118.0 | ||
| 008 | 941012s1964 ii b 000 0 orio | ||
| 010 | _asa 65002747 | ||
| 025 | _aPL480:I-O-434 | ||
| 035 | _a(OCoLC)31273879 | ||
| 040 |
_aDLC _cCU _dCU _dDLC |
||
| 042 | _apremarc | ||
| 050 | 0 | 0 |
_aPK2571 _b.S32 |
| 100 | 1 |
_aSāmantarāẏa, Naṭabara, _d1918- |
|
| 245 | 1 | 0 | _aOḍiā sāhityara itihāsa. |
| 260 | _c[1964] | ||
| 300 |
_a9, 666, 8 p. _c23 cm. |
||
| 500 | _aIn Oriya. | ||
| 504 | _aIncludes bibliographical references. | ||
| 650 | 0 |
_aOriya literature _xHistory and criticism. |
|
| 999 |
_c62787 _d62787 |
||